|
|
|
|
| LEADER |
00000nab a2200000 a 4500 |
| 001 |
vtls000900615 |
| 003 |
SK-MaSNL |
| 005 |
20260305004704.0 |
| 008 |
040720e19990510xo 0 slo |
| 035 |
|
|
|a KE9608
|
| 040 |
|
|
|a KEVKJB
|b slo
|c KEVKJB
|e AACR2
|
| 041 |
0 |
|
|a slo
|
| 044 |
|
|
|a xo
|c SK
|
| 080 |
|
|
|a 324
|2 1981
|
| 100 |
1 |
|
|a Kyška, Roland,
|d 1978-
|4 aut
|9 411846
|
| 245 |
1 |
0 |
|a Vášáryová "Schusterovci" nedobyla
|
| 590 |
|
|
|a Vašáryová, Magda
|b exveľvyslankyňa, sociologička
|
| 600 |
1 |
7 |
|a Vášáryová, Magda,
|d 1948-
|2 KEVKJB
|9 98613
|
| 610 |
1 |
7 |
|a Slovensko.
|b Prezident
|2 KEVKJB
|9 165734
|
| 650 |
0 |
7 |
|a voľby
|2 KEVKJB
|9 1580
|
| 650 |
0 |
7 |
|a kandidáti
|2 KEVKJB
|9 29660
|
| 650 |
0 |
7 |
|a mítingy volebné
|2 KEVKJB
|9 1582593
|
| 651 |
|
7 |
|a Košice (Slovensko)
|2 KEVKJB
|9 18694
|
| 651 |
|
7 |
|a KE,
|2 KEVKJB
|9 877256
|
| 655 |
|
7 |
|a periodikum
|2 snkbucl
|9 29553
|
| 773 |
0 |
8 |
|t Korzár
|g Roč. 2, č.105, 10.5.1999, s. 2
|
| 852 |
|
|
|a ZVYKNI
|b KIS3GCP
|
| 999 |
|
|
|c 3237189
|d 3239119
|